Name as many Brazilian F1 Drivers - Statistics

General Stats
  • This quiz has been taken 92 times
  • The average score is 13 of 31
Answer Stats
Careeer Length Answer % Correct
1984-1994 Ayrton Senna
97%
2010-2012 Bruno Senna
95%
2002,2004-2017 Felipe Massa
90%
1993-2011 Rubens Barrichello
90%
1978-1991 Nelson Piquet
89%
2008-2009 Nelson Piquet Jr.
87%
1992-1994 Christian Fittipaldi
86%
1970-1980 Emerson Fittipaldi
86%
2020 Pietro Fittipaldi
86%
1972-1973,1975 Wilson Fittipaldi
86%
2015-2016 Felipe Nasr
54%
1972-1977 Carlos Pace
44%
1999-2001,20004-2005 Ricardo Zonta
37%
1995-2000 Pedro Diniz
33%
2000-2001 Luciano Burti
29%
1982,1987,1989-1992,1995 Roberto Moreno
28%
2001-2002 Enrique Bernoldi
26%
2003-2004 Cristiano da Matta
25%
2010 Lucas di Grassi
24%
1996-1997,2001 Tarso Marques
24%
1996-1998 Ricardo Rosset
22%
1988-1992 Maurício Gugelmin
21%
1981-1983 Chico Serra
14%
1951-1953,1956 Chico Landi
9%
1955-1956 Hermano da Silva Ramos
9%
1976-1977 Ingo Hoffmann
9%
1976-1977,1979 Alex Ribeiro
8%
1973 Luiz Bueno
8%
1982-1983 Raul Boesel
8%
1959 Fritz d'Orey
7%
1952 Gino Bianco
6%
No matching quizzes found
Score Distribution
Percent of People with Each Score
Percentile by Number Answered
Your Score History
You have not taken this quiz